000 00483nam a22001937a 4500
003 OSt
005 20180116183047.0
008 160722b xxu||||| |||| 00| 0 eng d
020 _a0062502182
040 _c0
082 _a869.342 COE 1992
100 _aPaulo Coelho
245 _aThe Alchemist
_cPaulo Coelho
250 _a10th anniversary edition
260 _aGreat Britain
_bHarper Collins
_c1992
300 _a177 p.
_bPB
440 _aThe Alchemist
942 _2ddc
_cBK
999 _c351478
_d351478